000
00343 a2200157 4500
001
49906
020
_a
8570561830
040
_c
Anchieta - Bela Vista
100
_a
Ladeira, Julieta de Godoy
240
1
0
_a
Até mais verde
_l
por
245
1
0
_a
Até mais verde
300
_a
56
362
0
_a
1989
650
4
_a
Literatura juvenil
942
_c
BK
999
_c
49906
_d
49906